000 00183 a2200097 4500
020 _a9780439121736
041 _aspa
100 _aPipo Pescador
245 _aBuenis Airesitos
942 _cBK
999 _c938
_d938